[Event "7. Lichtenberger Sommer"]
[Site "Berlin"]
[Date "2008.08.20"]
[Round "5.28"]
[White "Poseck, Steffen"]
[Black "Schüler, Wolfgang"]
[Result "1-0"]
[WhiteElo "2107"]
[BlackElo "2061"]
[PlyCount "87"]
[EventDate "2008.??.??"]
[WhiteTeam "SC Rotation Pankow e.V."]
[BlackTeam "SC Friesen Lichtenberg e.V."]

1. c4 c6 2. Nc3 Nf6 3. e4 d5 4. cxd5 cxd5 5. e5 Ng8 6. d4 e6 7. Nf3 Ne7 8. Be2
Nbc6 9. a3 a6 10. b4 h5 11. Bg5 Qc7 12. Na4 b6 13. O-O Bd7 14. Rc1 Qb7 15. Bd3
Nf5 16. Bxf5 exf5 17. Qb3 Be6 18. Rc2 Be7 19. Bxe7 Nxe7 20. Rfc1 Rc8 21. Rxc8+
Nxc8 22. b5 a5 23. Ng5 Ne7 24. Nc3 Kd7 25. Ne2 Rc8 26. Rc3 Rxc3 27. Qxc3 Qc8
28. Qxc8+ Nxc8 29. a4 Ne7 30. Nf4 g6 31. h4 Ng8 32. Ngxe6 fxe6 33. Nxg6 Ne7 34.
Nf4 Ng8 35. Nxh5 Ke7 36. Nf4 Kf7 37. f3 Nh6 38. Kh2 Ke7 39. Kh3 Kf7 40. g4
fxg4+ 41. fxg4 Ke7 42. h5 Kf7 43. Kg3 Ke7 44. Kh4 1-0

[Event "7. Lichtenberger Sommer"]
[Site "Berlin"]
[Date "2008.08.20"]
[Round "5.29"]
[White "Richter, Götz"]
[Black "Schink, Barbara"]
[Result "1/2-1/2"]
[WhiteElo "1997"]
[BlackElo "2046"]
[PlyCount "45"]
[EventDate "2008.??.??"]
[WhiteTeam "Klub Kölner Schachfreunde e.V. 1"]
[BlackTeam "Strassenbahn Graz"]

1. e4 e5 2. Nf3 Nc6 3. d4 exd4 4. Nxd4 Bc5 5. Nxc6 Qf6 6. Qd2 dxc6 7. Bd3 Be6
8. Nc3 Bd4 9. O-O Ne7 10. Ne2 Bb6 11. Nf4 Bg4 12. Qe1 Ng6 13. Ne2 Ne5 14. Kh1
Nxd3 15. cxd3 O-O-O 16. f3 Be6 17. Qg3 h6 18. f4 Kb8 19. f5 Bc8 20. e5 Qe7 21.
d4 Rhg8 22. Be3 c5 23. Rad1 1/2-1/2

[Event "7. Lichtenberger Sommer"]
[Site "Berlin"]
[Date "2008.08.20"]
[Round "5.30"]
[White "Schulz, Hartmut"]
[Black "Pozzo, Sebastian C"]
[Result "1-0"]
[WhiteElo "2149"]
[BlackElo "1980"]
[PlyCount "104"]
[EventDate "2008.??.??"]
[WhiteTeam "SC Rotation Pankow e.V."]
[BlackTeam "Streatham"]

1. d4 Nf6 2. c4 e6 3. Nf3 d5 4. Bg5 h6 5. Bh4 Bb4+ 6. Nbd2 O-O 7. e3 Nbd7 8.
Bd3 c6 9. O-O Bd6 10. Rc1 e5 11. cxd5 cxd5 12. dxe5 Nxe5 13. Be2 b6 14. Qb3 Bb7
15. Nxe5 Bxe5 16. Nf3 Bd6 17. Rfd1 g5 18. Bg3 Bxg3 19. hxg3 Ne4 20. Qb4 Rc8 21.
Qd4 Qe7 22. Bd3 Rfe8 23. a3 Nc5 24. Bc2 Ne4 25. Bb1 Qe6 26. Ba2 g4 27. Ne1 Qf6
28. Qxf6 Nxf6 29. Rxc8 Rxc8 30. Bb1 Ba6 31. Bf5 Rc5 32. Nc2 Be2 33. Re1 Bc4 34.
Nd4 h5 35. f3 Rc7 36. Rc1 Re7 37. Kf2 Re5 38. b3 Bxb3 39. Rc8+ Kg7 40. f4 Rxf5
41. Nxf5+ Kg6 42. Nd6 Ne4+ 43. Nxe4 dxe4 44. Rc7 b5 45. Rxa7 Bc4 46. Ra6+ f6
47. Rc6 Bd3 48. Rd6 Bc4 49. Rd4 Bb3 50. Rxe4 f5 51. Rb4 Ba4 52. e4 fxe4 1-0

[Event "7. Lichtenberger Sommer"]
[Site "Berlin"]
[Date "2008.08.20"]
[Round "5.31"]
[White "Kapp, Stefan"]
[Black "Fischer, Daniel"]
[Result "0-1"]
[WhiteElo "2093"]
[BlackElo "2094"]
[PlyCount "130"]
[EventDate "2008.??.??"]
[WhiteTeam "TSV IFA Chemnitz"]
[BlackTeam "SK Oberkirch"]

1. d4 d6 2. c4 e5 3. dxe5 dxe5 4. Qxd8+ Kxd8 5. e4 c6 6. Be3 Nf6 7. f3 Nbd7 8.
Nc3 Bc5 9. Bxc5 Nxc5 10. O-O-O+ Kc7 11. g3 Be6 12. Nh3 h6 13. Nf2 a5 14. Be2
Nfd7 15. f4 f6 16. b3 h5 17. f5 Bf7 18. g4 g5 19. fxg6 Bxg6 20. gxh5 Bxh5 21.
Bxh5 Rxh5 22. h3 Rah8 23. Rhg1 Ne6 24. a3 R8h7 25. Ne2 Ng5 26. Ng3 Nxh3 27.
Nxh5 Nxg1 28. Nxf6 Nxf6 29. Rxg1 Rh4 30. Re1 Kd6 31. Kd2 Kc5 32. Kc3 Kd6 33. b4
Rf4 34. Nd3 Nxe4+ 35. Kb3 Rh4 36. Re2 a4+ 37. Kc2 b6 38. Rg2 Rh6 39. Re2 Rh4
40. Rg2 Ke6 41. b5 cxb5 42. cxb5 Nf6 43. Nb2 Rd4 44. Rg7 e4 45. Kc3 Rd5 46.
Nxa4 Rxb5 47. Rb7 Nd7 48. Kd4 Rd5+ 49. Kxe4 Ra5 50. Kd4 Rxa4+ 51. Kc3 Rxa3+ 52.
Kb4 Ra1 53. Rc7 Rb1+ 54. Ka3 Kd6 55. Rc2 Nc5 56. Rh2 Kc6 57. Rh6+ Kb5 58. Rh8
Rb3+ 59. Ka2 Rg3 60. Rh5 Re3 61. Kb2 Re4 62. Rh6 Ka5 63. Ka3 b5 64. Rh3 Re2 65.
Rh4 b4+ 0-1

[Event "7. Lichtenberger Sommer"]
[Site "Berlin"]
[Date "2008.08.20"]
[Round "5.32"]
[White "Segerberg, Tomas"]
[Black "Exler, Veronika"]
[Result "1/2-1/2"]
[WhiteElo "1845"]
[BlackElo "2011"]
[PlyCount "97"]
[EventDate "2008.??.??"]
[WhiteTeam "SG Narva Berlin e.V."]
[BlackTeam "SC Donaustadt Wien"]

1. e4 c6 2. d4 d5 3. e5 Bf5 4. Be3 Qb6 5. Qc1 e6 6. Nd2 c5 7. Ngf3 Nc6 8. c3
Rc8 9. dxc5 Bxc5 10. Bxc5 Qxc5 11. Nb3 Qb6 12. Nbd4 Nge7 13. Bb5 O-O 14. O-O
Be4 15. Bxc6 bxc6 16. Ng5 Bg6 17. f4 c5 18. Nb3 Rb8 19. Rf2 a5 20. Qe3 Rfc8 21.
Raf1 a4 22. Nc1 Nc6 23. g4 c4 24. Qh3 Bb1 25. f5 h6 26. fxe6 fxe6 27. Nxe6 Nxe5
28. Nd4 Rf8 29. Qh4 Qd6 30. g5 hxg5 31. Qxg5 Be4 32. Nf5 Bxf5 33. Rxf5 Qb6+ 34.
Kh1 Rxf5 35. Qxf5 Qd6 36. Re1 Nf7 37. b3 axb3 38. axb3 cxb3 39. Nxb3 Qc6 40.
Rf1 Nh6 41. Nd4 Qc4 42. Qf3 Rb7 43. Nf5 Nxf5 44. Qxf5 Qe4+ 45. Qxe4 dxe4 46.
Re1 Rc7 47. Re3 Rc4 48. Kg2 Kf7 49. Kg3 1/2-1/2

[Event "7. Lichtenberger Sommer"]
[Site "Berlin"]
[Date "2008.08.20"]
[Round "5.33"]
[White "Kornath, Heinrich"]
[Black "Ozeran, Volodymyr"]
[Result "0-1"]
[WhiteElo "1970"]
[BlackElo "1967"]
[PlyCount "96"]
[EventDate "2008.??.??"]
[WhiteTeam "SC Friesen Lichtenberg e.V."]
[BlackTeam "SK Dessau 93 e. V."]

1. e4 c6 2. d4 d5 3. Nc3 dxe4 4. Nxe4 Bf5 5. Ng3 Bg6 6. h4 h6 7. Nf3 Nd7 8. h5
Bh7 9. Bd3 Bxd3 10. Qxd3 e6 11. Bf4 Qa5+ 12. Bd2 Qc7 13. O-O-O Ngf6 14. Ne4
Nxe4 15. Qxe4 Nf6 16. Qe2 Bd6 17. g3 O-O-O 18. Kb1 c5 19. c4 Qc6 20. Rh4 Qb6
21. Bc3 cxd4 22. Bxd4 Bc5 23. Bxc5 Rxd1+ 24. Qxd1 Qxc5 25. Qe2 Qf5+ 26. Kc1 Rd8
27. Ne5 Nd7 28. Nxd7 Rxd7 29. Rf4 Qa5 30. a3 Qc5 31. Re4 Qg5+ 32. Kc2 Qf5 33.
g4 Qc5 34. b4 Qd6 35. f4 a5 36. c5 Qd5 37. Rc4 axb4 38. axb4 Qc6 39. Kb3 Qh1
40. Rc2 Rd4 41. Rb2 Qd5+ 42. Kc3 Rxf4 43. Rd2 Qh1 44. Rb2 Qh3+ 45. Kc2 Rxg4 46.
Qb5 Rg2+ 47. Kb1 Qf5+ 48. Ka2 Qd5+ 0-1

[Event "7. Lichtenberger Sommer"]
[Site "Berlin"]
[Date "2008.08.20"]
[Round "5.34"]
[White "Mielke, Norman"]
[Black "Krannich, Sven"]
[Result "1/2-1/2"]
[WhiteElo "2035"]
[BlackElo "1876"]
[PlyCount "111"]
[EventDate "2008.??.??"]
[WhiteTeam "Schachgemeinschaft  Wedding e.V."]
[BlackTeam "USC Viadrina Frankfurt (Oder) e."]

1. e4 c5 2. c3 e6 3. d4 Nf6 4. e5 Nd5 5. Bc4 Nc6 6. Nf3 cxd4 7. cxd4 Bb4+ 8.
Bd2 d6 9. Bxb4 Ncxb4 10. a3 Nc6 11. O-O O-O 12. exd6 Qxd6 13. Nc3 a6 14. Qd3 b5
15. Bxd5 exd5 16. Rfe1 Bg4 17. Ne5 Bh5 18. Nxc6 Qxc6 19. Qf5 Bg6 20. Qxd5 Qxd5
21. Nxd5 Rfd8 22. Ne7+ Kf8 23. Nxg6+ hxg6 24. Rad1 Rd6 25. Re4 Rad8 26. Kf1 f5
27. Rf4 Kf7 28. Ke2 Kf6 29. h4 g5 30. hxg5+ Kxg5 31. g3 Kf6 32. Rh4 Kf7 33. Ke3
Re8+ 34. Kf3 g5 35. Rh7+ Kg6 36. Rdh1 g4+ 37. Kg2 Rxd4 38. R1h6+ Kg5 39. Rxa6
Rd1 40. Rhh6 Rg8 41. Rhb6 Rh8 42. Rg6+ Kh5 43. Rgd6 Re1 44. Rab6 Kg5 45. Rg6+
Kh5 46. Rge6 Rb1 47. Re5 Kg5 48. Rbxb5 Rhh1 49. Rxf5+ Kh6 50. Rb6+ Kh7 51. f4
Rbe1 52. Rb7+ Kg6 53. Rg5+ Kf6 54. Rb6+ Kf7 55. Rxg4 Rhg1+ 56. Kf3 1/2-1/2

[Event "7. Lichtenberger Sommer"]
[Site "Berlin"]
[Date "2008.08.20"]
[Round "5.36"]
[White "Baumeister, Wolfgang"]
[Black "Püschel, Werner"]
[Result "0-1"]
[WhiteElo "1806"]
[BlackElo "2189"]
[PlyCount "78"]
[EventDate "2008.??.??"]
[WhiteTeam "SC Kreuzberg e.V."]
[BlackTeam "SG Lasker Steglitz-Wilmersdorf"]

1. e4 c5 2. Nc3 e6 3. g3 Nc6 4. Bg2 a6 5. d3 b5 6. Nce2 Bb7 7. f4 Qc7 8. Nh3
Be7 9. Nf2 d6 10. O-O Nf6 11. g4 h6 12. h3 d5 13. f5 exf5 14. Bf4 Bd6 15. Bxd6
Qxd6 16. exd5 Nxd5 17. gxf5 Ne3 18. Ne4 Qe5 19. Qd2 Nxf1 20. Rxf1 O-O-O 21. c3
Rhe8 22. f6 g6 23. Nf4 g5 24. Nh5 c4 25. Ng7 Rxd3 26. Qxd3 cxd3 27. Nxe8 Kd7
28. N8d6 Nd8 29. Rf5 Bxe4 30. Rxe5 d2 31. Nxe4 d1=Q+ 32. Kh2 Ne6 33. Nc5+ Kc8
34. Rd5 Qe2 35. Nxe6 Qxe6 36. h4 Qxf6 37. Rc5+ Kd7 38. b4 Qf4+ 39. Kg1 Qxh4 0-1

[Event "7. Lichtenberger Sommer"]
[Site "Berlin"]
[Date "2008.08.20"]
[Round "5.37"]
[White "Walter, Günter"]
[Black "Schleich, Theodor"]
[Result "0-1"]
[WhiteElo "2082"]
[BlackElo "2099"]
[PlyCount "88"]
[EventDate "2008.??.??"]
[WhiteTeam "TSG Oberschöneweide e.V."]
[BlackTeam "FC Bayern München e.V."]

1. e4 c5 2. Nf3 e6 3. d4 cxd4 4. Qxd4 Nc6 5. Qe3 Nf6 6. Bd3 Qc7 7. Nc3 a6 8. h3
b5 9. e5 b4 10. O-O bxc3 11. exf6 gxf6 12. bxc3 Ne7 13. c4 Bb7 14. Rb1 Ng6 15.
Be4 Bc6 16. Bb2 Be7 17. Bd4 Rg8 18. Bb6 Qf4 19. Bxc6 dxc6 20. g3 Qf5 21. g4 Qf4
22. Rfd1 h5 23. Rd4 Qxe3 24. fxe3 e5 25. Rdd1 hxg4 26. hxg4 Nf8 27. Nh2 f5 28.
Bc7 f6 29. Rb6 Bc5 30. Rxc6 Bxe3+ 31. Kg2 Nd7 32. Rd5 fxg4 33. Re6+ Kf7 34. Rc6
Nf8 35. Rdd6 Rg6 36. Rxf6+ Rxf6 37. Rxf6+ Kxf6 38. Nxg4+ Kf5 39. Nxe3+ Ke4 40.
Kf2 Ne6 41. Bb6 Nd4 42. c3 Rf8+ 43. Ke1 Kxe3 44. cxd4 exd4 0-1

[Event "7. Lichtenberger Sommer"]
[Site "Berlin"]
[Date "2008.08.20"]
[Round "5.38"]
[White "Friedrich, Wiede"]
[Black "Kopmann, Jens"]
[Result "1-0"]
[WhiteElo "2044"]
[BlackElo "1967"]
[PlyCount "33"]
[EventDate "2008.??.??"]
[WhiteTeam "USV Potsdam e.V., Abt. Schach"]
[BlackTeam "USV Potsdam e.V., Abt. Schach"]

1. e4 c5 2. Nf3 Nc6 3. d4 cxd4 4. Nxd4 e6 5. Nb5 a6 6. Nd6+ Bxd6 7. Qxd6 Nge7
8. Nc3 O-O 9. Be3 f5 10. O-O-O fxe4 11. g4 Qa5 12. Bg2 b5 13. Kb1 Ng6 14. Bxe4
Nge5 15. Bxh7+ Kf7 16. Bc5 Re8 17. Rd4 1-0

[Event "7. Lichtenberger Sommer"]
[Site "Berlin"]
[Date "2008.08.20"]
[Round "5.39"]
[White "Buehler, Florian"]
[Black "Tong, Lukas Fabian Chuan"]
[Result "1-0"]
[WhiteElo "1992"]
[BlackElo "1798"]
[PlyCount "49"]
[EventDate "2008.??.??"]
[WhiteTeam "Spgem Kötz/Ichenhausen"]
[BlackTeam "SV Empor Berlin e.V."]

1. d4 Nf6 2. c4 e6 3. Nc3 Bb4 4. Qc2 b6 5. e4 Bxc3+ 6. bxc3 d6 7. f4 Bb7 8. Bd3
h6 9. Nf3 c5 10. O-O O-O 11. d5 exd5 12. cxd5 Re8 13. c4 Nbd7 14. Bb2 Qc7 15.
Rae1 Nh7 16. Qc3 f6 17. Qc2 Nhf8 18. Nh4 Re7 19. Rf3 Rae8 20. Nf5 Rf7 21. Rg3
Kh8 22. Qd1 Nh7 23. Qh5 Ref8 24. Qg6 Nb8 25. Nxd6 1-0

[Event "7. Lichtenberger Sommer"]
[Site "Berlin"]
[Date "2008.08.20"]
[Round "5.40"]
[White "Getzuhn, Detlef"]
[Black "Graudons, Karsten"]
[Result "1/2-1/2"]
[WhiteElo "1979"]
[BlackElo "1999"]
[PlyCount "161"]
[EventDate "2008.??.??"]
[WhiteTeam "SV Senat"]
[BlackTeam "USV Potsdam e.V., Abt. Schach"]

1. e4 d6 2. d4 Nf6 3. Nc3 g6 4. Bc4 Bg7 5. Nge2 O-O 6. f3 a6 7. a4 Nbd7 8. Be3
c5 9. O-O Qc7 10. Ba2 b6 11. Qd2 Bb7 12. Nd1 b5 13. b3 Rfc8 14. c3 cxd4 15.
cxd4 Qc2 16. Rc1 Qxd2 17. Bxd2 Rxc1 18. Bxc1 Rc8 19. axb5 axb5 20. b4 Ne8 21.
Be3 Rc2 22. Ndc3 e6 23. Rb1 d5 24. Bb3 Rxe2 25. Nxe2 dxe4 26. Kf2 Nd6 27. Nc3
exf3 28. gxf3 Nb8 29. Bc2 Nc6 30. Ne2 f5 31. Bb3 Kf7 32. Ba2 h6 33. d5 Ne5 34.
dxe6+ Ke7 35. Bc5 Nxf3 36. Nf4 Bd4+ 37. Bxd4 Nxd4 38. Nxg6+ Kf6 39. Nf4 Nc2 40.
Nd5+ Ke5 41. Nc7 Bc6 42. Rb2 Nd4 43. Kf1 Kf6 44. Rd2 Ke5 45. e7 Ne8 46. Na6 Nd6
47. Nb8 Be8 48. Kg2 f4 49. Na6 Bc6+ 50. Kf1 N4f5 51. Re2+ Ne3+ 52. Ke1 Kf6 53.
Nc5 Ndf5 54. Ne6 f3 55. Rb2 Kxe7 56. Nf4 Ng4 57. Nh3 Nfe3 58. Bg8 Ng2+ 59. Kf1
Nxh2+ 60. Kg1 Ng4 61. Bh7 Nf6 62. Bd3 Ke6 63. Bf1 Ke5 64. Bxg2 fxg2 65. Re2+
Kd6 66. Nf4 Nd5 67. Rd2 Ke5 68. Nxg2 Nxb4 69. Re2+ Kd4 70. Re6 Bxg2 71. Kxg2 h5
72. Kf3 Nd5 73. Re4+ Kd3 74. Re5 Nc3 75. Rxh5 b4 76. Rh2 b3 77. Rb2 Kc4 78. Kf4
Na4 79. Rb1 b2 80. Ke3 Kc3 81. Rxb2 1/2-1/2

[Event "7. Lichtenberger Sommer"]
[Site "Berlin"]
[Date "2008.08.20"]
[Round "5.41"]
[White "Gebert, Ralf"]
[Black "Völker, Thomas"]
[Result "1-0"]
[WhiteElo "2081"]
[BlackElo "1766"]
[PlyCount "47"]
[EventDate "2008.??.??"]
[WhiteTeam "SG Güstrow/Teterow"]
[BlackTeam "SF Friedrichshagen"]

1. e4 c5 2. Nf3 Nc6 3. d4 cxd4 4. Nxd4 Nf6 5. Nc3 d6 6. Be2 g6 7. Be3 Bg7 8. g4
a6 9. h4 h5 10. gxh5 Nxh5 11. Qd2 Bd7 12. Nd5 Nf6 13. Nxc6 Bxc6 14. Bb6 Qb8 15.
Nc7+ Kf8 16. f3 Nd7 17. Nxa8 Qxa8 18. Bd4 Nf6 19. O-O-O b5 20. Kb1 Qb7 21. e5
dxe5 22. Bxe5 Bxf3 23. Qd8+ Ne8 24. Rd7 1-0

[Event "7. Lichtenberger Sommer"]
[Site "Berlin"]
[Date "2008.08.20"]
[Round "5.42"]
[White "Albinus, Günter"]
[Black "Berendsen, Markus"]
[Result "1/2-1/2"]
[WhiteElo "1920"]
[BlackElo "2123"]
[PlyCount "66"]
[EventDate "2008.??.??"]
[WhiteTeam "SG Weißensee 49 e.V."]
[BlackTeam "Oberhausen Schachverein 1887 e.V"]

1. Nf3 Nf6 2. g3 d5 3. c4 c6 4. b3 Bf5 5. Bg2 e6 6. d3 h6 7. O-O Bh7 8. Bb2
Nbd7 9. Nfd2 Be7 10. e4 dxe4 11. dxe4 O-O 12. e5 Ne8 13. Qe2 Nc5 14. Ne4 Nxe4
15. Bxe4 Bxe4 16. Qxe4 Qc7 17. Qe2 Bc5 18. Ba3 Bxa3 19. Nxa3 Qe7 20. Nc2 Nc7
21. Rad1 Rfd8 22. Rxd8+ Rxd8 23. Rd1 c5 24. Rd2 Na6 25. Qd1 Rxd2 26. Qxd2 Nb8
27. Na3 Nc6 28. f4 Nd4 29. Kf2 Qc7 30. Nc2 Nxc2 31. Qxc2 Qd7 32. Qe4 Qd2+ 33.
Qe2 Qd4+ 1/2-1/2

[Event "7. Lichtenberger Sommer"]
[Site "Berlin"]
[Date "2008.08.20"]
[Round "5.43"]
[White "Radjenovic, Branko"]
[Black "Plicka, Jiri"]
[Result "1/2-1/2"]
[WhiteElo "1903"]
[BlackElo "1941"]
[PlyCount "102"]
[EventDate "2008.??.??"]
[WhiteTeam "SK Aleksandar Matanovic"]
[BlackTeam "SK Libehrad Libcice"]

1. d4 d5 2. c4 c6 3. e3 Nf6 4. Nc3 e6 5. Nf3 Nbd7 6. Bd3 Be7 7. Bd2 O-O 8. O-O
dxc4 9. Bxc4 Nb6 10. Bb3 Nbd5 11. Rc1 Nxc3 12. Bxc3 Ne4 13. Be1 Kh8 14. Qd3 f5
15. Nd2 Nxd2 16. Qxd2 Bd7 17. Rc2 Rc8 18. Qc1 Bd6 19. Bd2 Qh4 20. f4 Rg8 21.
Be1 Qe7 22. Re2 c5 23. dxc5 Bxc5 24. Bc3 Bb5 25. Rfe1 Bxe2 26. Rxe2 Bb6 27. Rc2
Rcd8 28. Qe1 Rd3 29. Re2 Rgd8 30. Bc2 R3d7 31. Kf1 Qd6 32. Ba4 Rf7 33. Qh4 Qe7
34. Qg3 Qc5 35. Bb3 Qc6 36. Qh4 Rfd7 37. Kf2 Rd3 38. Qg3 R3d7 39. Rc2 Qe4 40.
Re2 a6 41. Qf3 Qxf3+ 42. Kxf3 Rd6 43. g4 fxg4+ 44. Kxg4 Rd3 45. Kf3 Re8 46. Bc2
Rdd8 47. Rg2 Re7 48. Rg5 Bc7 49. Rh5 Kg8 50. Bxh7+ Kf8 51. Bg6 Kg8 1/2-1/2

[Event "7. Lichtenberger Sommer"]
[Site "Berlin"]
[Date "2008.08.20"]
[Round "5.44"]
[White "Karunaharamoorthy, Achudhan"]
[Black "Muskewitz, Bernd"]
[Result "0-1"]
[WhiteElo "1869"]
[BlackElo "2030"]
[PlyCount "48"]
[EventDate "2008.??.??"]
[WhiteTeam "SC Kreuzberg e.V."]
[BlackTeam "TSG Oberschöneweide e.V."]

1. d4 d5 2. c4 c6 3. Nc3 Nf6 4. Nf3 dxc4 5. a4 Bf5 6. e3 e6 7. Bxc4 Bb4 8. O-O
O-O 9. Qb3 Qe7 10. Re1 a5 11. Bd2 Nbd7 12. Rac1 Bg4 13. Be2 Rfd8 14. Ne5 Bxe2
15. Nxd7 Rxd7 16. Rxe2 Rad8 17. Nb1 Bxd2 18. Nxd2 e5 19. Nf3 exd4 20. Kf1 d3
21. Rd2 Ne4 22. Rdd1 Qf6 23. Rc4 Qf5 24. Qb6 g5 0-1

[Event "7. Lichtenberger Sommer"]
[Site "Berlin"]
[Date "2008.08.20"]
[Round "5.45"]
[White "Paul, Reinhart"]
[Black "Kapp, Frank"]
[Result "1/2-1/2"]
[WhiteElo "2155"]
[BlackElo "1748"]
[PlyCount "55"]
[EventDate "2008.??.??"]
[WhiteTeam "CFC Hertha 06 e.V."]
[BlackTeam "TSV IFA Chemnitz"]

1. e4 e6 2. d4 d5 3. Nc3 Bb4 4. e5 c5 5. a3 cxd4 6. axb4 dxc3 7. Qg4 Ne7 8.
bxc3 Qc7 9. Bd2 Qxe5+ 10. Be2 Qf5 11. Qxf5 Nxf5 12. Bf4 Nd7 13. g4 e5 14. Bd2
Nd6 15. Be3 b6 16. Nf3 Bb7 17. O-O O-O 18. Rfd1 Rfc8 19. Ba6 Bxa6 20. Rxa6 Nc4
21. g5 Nxe3 22. fxe3 e4 23. Nh4 Rxc3 24. Rxd5 Nf8 25. Nf5 Ne6 26. Rd7 Rc7 27.
Rxc7 Nxc7 28. Ra4 1/2-1/2

[Event "7. Lichtenberger Sommer"]
[Site "Berlin"]
[Date "2008.08.20"]
[Round "5.46"]
[White "Pichler, Klaus"]
[Black "Wirp, Hans-Werner"]
[Result "1/2-1/2"]
[WhiteElo "1871"]
[BlackElo "1709"]
[PlyCount "59"]
[EventDate "2008.??.??"]
[BlackTeam "SK Oschersleben 1948"]

1. f4 d5 2. Nf3 Nc6 3. b3 Bg4 4. e3 e5 5. Be2 e4 6. Ng1 Bf5 7. Bb2 h5 8. h4 Nf6
9. Nh3 Ng4 10. Nf2 Qd7 11. Nxg4 hxg4 12. g3 O-O-O 13. Bb5 a6 14. Bxc6 Qxc6 15.
c3 Rh7 16. Na3 Qd6 17. Qe2 g5 18. O-O-O gxh4 19. Rxh4 Rxh4 20. gxh4 Qh6 21. Rh1
Be7 22. Qh2 c5 23. Nc2 Bf6 24. b4 b6 25. h5 Qh8 26. Qe2 Kb7 27. a4 d4 28. cxd4
cxd4 29. Bxd4 Rc8 30. Kb2 1/2-1/2

[Event "7. Lichtenberger Sommer"]
[Site "Berlin"]
[Date "2008.08.20"]
[Round "5.47"]
[White "Lichey, Dustin"]
[Black "Krusemark, Gerhard"]
[Result "1-0"]
[WhiteElo "1861"]
[BlackElo "1705"]
[PlyCount "77"]
[EventDate "2008.??.??"]
[WhiteTeam "1. Schachclub Anhalt"]
[BlackTeam "TSG Rot-Weiß Fredersdorf/Vogelsd"]

1. e4 e6 2. d4 d5 3. Nd2 a6 4. e5 c5 5. c3 Nc6 6. Ngf3 Nge7 7. Bd3 cxd4 8. cxd4
Bd7 9. O-O Nb4 10. Bb1 Bb5 11. Re1 Nd3 12. Re3 Nxc1 13. Qxc1 Rc8 14. Rc3 Rxc3
15. bxc3 Qc7 16. a4 Bd7 17. Bd3 g6 18. Qc2 Bg7 19. c4 O-O 20. c5 Rc8 21. Nb3
Nc6 22. Qd2 f6 23. exf6 Bxf6 24. Re1 e5 25. dxe5 Nxe5 26. Nxe5 Bxe5 27. Bxg6
Bxh2+ 28. Kh1 Bc6 29. Bf5 Bf4 30. Qe2 Rf8 31. Qg4+ Kh8 32. Nd4 Rf6 33. Nxc6
Rh6+ 34. Kg1 Bh2+ 35. Kf1 Qxc6 36. Be6 Rg6 37. Qd4+ Rg7 38. Bf7 h5 39. Re6 1-0

[Event "7. Lichtenberger Sommer"]
[Site "Berlin"]
[Date "2008.08.20"]
[Round "5.48"]
[White "Casny, Guenter"]
[Black "Reiche, Henry"]
[Result "0-1"]
[WhiteElo "1903"]
[BlackElo "2015"]
[PlyCount "140"]
[EventDate "2008.??.??"]
[WhiteTeam "SC Rochade e.V."]
[BlackTeam "SV Berolina Mitte e.V."]

1. e4 d5 2. exd5 Qxd5 3. Nf3 c6 4. Nc3 Qd8 5. Be2 Nf6 6. d4 Bf5 7. h3 h6 8. Be3
e6 9. Bd3 Bxd3 10. Qxd3 Be7 11. a3 a5 12. O-O Nbd7 13. Rad1 O-O 14. Bf4 Nd5 15.
Nxd5 cxd5 16. c4 dxc4 17. Qxc4 Nb6 18. Qb5 Nd5 19. Bh2 b6 20. Rc1 Rc8 21. Qb3
Bd6 22. Rc2 Bxh2+ 23. Nxh2 Qg5 24. Nf3 Qg6 25. Rd2 Nf4 26. Ne1 Qg5 27. Rd1 Rc6
28. Kh2 Rfc8 29. Qf3 Rc1 30. g3 Rxd1 31. Qxd1 Qb5 32. Nf3 Nd5 33. Qb1 Qb3 34.
Nd2 Qc2 35. Rd1 Qa4 36. Rc1 Rxc1 37. Qxc1 Qxd4 38. Qc8+ Kh7 39. Qc2+ g6 40. Kg2
Qf6 41. Nf3 Qe7 42. Qe2 Qc7 43. Kh2 Qc5 44. Ne5 Kg7 45. Nf3 Ne7 46. Ne5 Nc6 47.
Nf3 Nd4 48. Nxd4 Qxd4 49. Qc2 h5 50. h4 e5 51. f3 b5 52. Kg2 b4 53. Kf1 bxa3
54. bxa3 Qa1+ 55. Kg2 Qxa3 56. g4 hxg4 57. fxg4 Qb4 58. Qe2 Qf4 59. Kh3 f5 60.
Qb5 Qxg4+ 61. Kh2 Qxh4+ 62. Kg2 Qd4 63. Kh2 a4 64. Qe8 Kh6 65. Kg3 f4+ 66. Kh3
Qe3+ 67. Kg2 f3+ 68. Kg3 f2+ 69. Kg4 Qf4+ 70. Kh3 f1=Q# 0-1

[Event "7. Lichtenberger Sommer"]
[Site "Berlin"]
[Date "2008.08.20"]
[Round "5.49"]
[White "Dreke, Frank"]
[Black "Kießling, Beate"]
[Result "1-0"]
[WhiteElo "2037"]
[BlackElo "1692"]
[PlyCount "101"]
[EventDate "2008.??.??"]
[WhiteTeam "Treptower SV 1949 e.V."]
[BlackTeam "Queer-Springer SSV Berlin"]

1. e4 c6 2. c4 d5 3. cxd5 cxd5 4. exd5 Nf6 5. Nc3 g6 6. Nf3 Bg7 7. Bb5+ Nbd7 8.
O-O O-O 9. d6 exd6 10. d4 d5 11. Re1 Nb6 12. h3 a6 13. Bd3 Nc4 14. b3 Nd6 15.
Bg5 Nf5 16. Qd2 Qd6 17. g4 Ne7 18. Rad1 Nc6 19. Bb1 Qd7 20. Qf4 Nxg4 21. hxg4
Qxg4+ 22. Qxg4 Bxg4 23. Rd3 h6 24. Bf4 Bxf3 25. Rxf3 Nxd4 26. Rd3 Ne6 27. Nxd5
Rfe8 28. Kf1 Nxf4 29. Rxe8+ Rxe8 30. Nxf4 Rc8 31. Ke2 Rc7 32. Nd5 Rc1 33. Rd1
Rxd1 34. Kxd1 Bd4 35. Ke2 Kg7 36. Bd3 a5 37. a4 Bc5 38. Kf3 b6 39. Kg3 h5 40.
f3 g5 41. Bf5 Bd4 42. Kg2 f6 43. Kf1 Kf7 44. Ke2 h4 45. Kd3 Bc5 46. Kc4 Bf2 47.
Kb5 Bd4 48. Nxb6 Bxb6 49. Kxb6 Ke7 50. Kc6 Kd8 51. Kd6 1-0

[Event "7. Lichtenberger Sommer"]
[Site "Berlin"]
[Date "2008.08.20"]
[Round "5.50"]
[White "Fuchs, Jörg"]
[Black "Knopf, Roland"]
[Result "0-1"]
[WhiteElo "1914"]
[BlackElo "1949"]
[PlyCount "65"]
[EventDate "2008.??.??"]
[WhiteTeam "SC Kreuzberg e.V."]
[BlackTeam "SC Kreuzberg e.V."]

1. e4 g6 2. d4 Bg7 3. Be3 d6 4. f3 a6 5. c4 Nd7 6. Qd2 c6 7. Nc3 b5 8. cxb5
axb5 9. Bd3 h5 10. Nge2 h4 11. Rf1 Ngf6 12. f4 Ng4 13. Bg1 e5 14. h3 Ngf6 15.
fxe5 dxe5 16. d5 cxd5 17. exd5 O-O 18. Bxb5 Qa5 19. Bc4 Nb6 20. Bxb6 Qxb6 21.
Rd1 Bb7 22. b3 Qb4 23. Qc2 e4 24. Nf4 Nh5 25. Rc1 Nxf4 26. Rxf4 Bh6 27. Rxh4
Bxc1 28. Qxc1 Rxa2 29. Kf1 Qe7 30. Qh6 Qf6+ 31. Qf4 Qxc3 32. d6 Ra1+ 33. Kf2
0-1

[Event "7. Lichtenberger Sommer"]
[Site "Berlin"]
[Date "2008.08.20"]
[Round "5.51"]
[White "Bockelmann, Rolf"]
[Black "Kropman, Alexei"]
[Result "1/2-1/2"]
[WhiteElo "1796"]
[BlackElo "1938"]
[PlyCount "25"]
[EventDate "2008.??.??"]
[WhiteTeam "SG Lasker Steglitz-Wilmersdorf"]
[BlackTeam "TuS Makkabi Berlin e.V."]

1. e4 e5 2. Nf3 Nc6 3. Bc4 Bc5 4. c3 Nf6 5. d4 exd4 6. cxd4 Bb4+ 7. Nc3 Nxe4 8.
O-O Bxc3 9. bxc3 d5 10. Re1 O-O 11. Bd3 Re8 12. Qc2 Bf5 13. Bg5 1/2-1/2

[Event "7. Lichtenberger Sommer"]
[Site "Berlin"]
[Date "2008.08.20"]
[Round "5.52"]
[White "Bandsom, Olaf"]
[Black "Kohlmeyer, Dagobert"]
[Result "1/2-1/2"]
[WhiteElo "1774"]
[BlackElo "2002"]
[PlyCount "147"]
[EventDate "2008.??.??"]
[WhiteTeam "SC Friesen Lichtenberg e.V."]
[BlackTeam "SC Rochade e.V."]

1. e4 e6 2. d4 d5 3. exd5 exd5 4. Bd3 Bd6 5. Nc3 Qe7+ 6. Nge2 Nf6 7. Bg5 Be6 8.
Qd2 a6 9. O-O O-O 10. Rae1 h6 11. Bf4 Nc6 12. a3 Na7 13. Ng3 Bxf4 14. Qxf4 Qd7
15. Nf5 Bxf5 16. Bxf5 Qc6 17. Re3 Rae8 18. Rfe1 Rxe3 19. Rxe3 Re8 20. Rxe8+
Qxe8 21. Qe5 c6 22. Na4 g6 23. Bd3 Qxe5 24. dxe5 Nd7 25. f4 Kf8 26. Kf2 Ke7 27.
Ke3 c5 28. c4 dxc4 29. Be4 b5 30. Nc3 Nb6 31. g4 Ke6 32. h4 b4 33. axb4 cxb4
34. Nd1 a5 35. Kd4 c3 36. h5 gxh5 37. f5+ Ke7 38. gxh5 cxb2 39. Nxb2 a4 40. Nd3
b3 41. Kc3 Nb5+ 42. Kb4 Nd4 43. Nc5 Ne2 44. f6+ Kf8 45. e6 fxe6 46. Bg6 Nd4 47.
Kc3 e5 48. Kb2 Kg8 49. Ka3 Kh8 50. Nxa4 Nxa4 51. Kxa4 Kg8 52. Kb4 Kf8 53. Kc4
b2 54. Kc3 b1=Q 55. Bxb1 Kf7 56. Kd3 Kxf6 57. Ke3 Ne6 58. Bg6 Nc5 59. Kf3 Kg5
60. Ke3 Kg4 61. Be8 Kf5 62. Bg6+ Kg5 63. Be8 Ne6 64. Ke4 Kf6 65. Bg6 Nc5+ 66.
Kd5 Nd3 67. Ke4 Nf4 68. Be8 Ke6 69. Bg6 Kd6 70. Be8 Ke6 71. Bg6 Kf6 72. Be8 Nh3
73. Bg6 Ke6 74. Bf5+ 1/2-1/2